Administración de los sistemas de información (Registro nro. 21869)
[ vista simple ]
| 000 -Cabecera | |
|---|---|
| Campo de control interno | 00876nam a2200277Ia 4500 |
| 005 - Fecha y hora del registro | |
| control field | 20260320113320.0 |
| 008 - Elementos de Longitud Fija | |
| fixed length control field | 260320s9999||||xx |||||||||||||| ||und|| |
| 020 ## - ISBN | |
| ISBN | 9789706867766 |
| 041 ## - Idioma | |
| Codigo Idioma | ESP |
| 082 ## - DEWEY y NOTACIÓN INTERNA | |
| Dewey | 658.4038011 |
| Notación Interna | O99 |
| 100 ## - AUTOR | |
| Autor denominación | Oz, Effy, |
| Término de relación | autor |
| 245 #0 - TÍTULO DE MATERIAL BIBLIOGRÁFICO | |
| Título | Administración de los sistemas de información |
| Título paralelo | |
| 246 ## - TÍTULO TRADUCIDO | |
| Título | |
| Título paralelo | |
| Autor | |
| 250 ## - EDICIÓN | |
| Edición | Quinta edición |
| 260 ## - CIUDAD, EDITORIAL, AÑO | |
| Ciudad | México D. F. : |
| Nombre de la Editorial | Cengage Learning, |
| Año | 2008 |
| 300 ## - DESCRIPCIÓN | |
| N° Páginas | xxxi, 527 páginas : |
| Otros detalles | figuras ; |
| Dimensiones | 27 cm. |
| Material Adicional | |
| 440 ## - MENCIÓN DE SERIE | |
| Título de la Serie | |
| Número de Serie | |
| Volumen de Serie | |
| 500 ## - NOTA GENERAL | |
| Nota General | No tiene portada / Datos extraídos de Worldcat |
| 650 ## - TEMAS | |
| Temas | Tecnología (Ciencias Aplicadas) |
| 653 ## - DESCRIPTORES | |
| Lenguajes no controlado | Administración; Gestión de la información |
| 654 ## - PROGRAMAS | |
| Programa | Dpto. de Administración de Negocios |
| 700 ## - OTROS AUTORES | |
| Otros autores | |
| Títulos y otras palabras asociadas con el nombre | |
| 856 ## - URL - UBICACIÓN | |
| URI/URL: Enlace exacto del recurso | <a href="https://login.ucsp.lookproxy.com/login?url=https://ebooks7-24.com/?aeds=1">https://login.ucsp.lookproxy.com/login?url=https://ebooks7-24.com/?aeds=1</a> |
| Nota pública: Versión digital | <a href="Véase además: Base de datos Ebook7-24">Véase además: Base de datos Ebook7-24</a> |
| 942 ## - ELEMENTOS DE KOHA | |
| Tipo de documento | Libro |
| Nombre del creador | Justo Noguera |
| Código de catalogador | Tania Ramirez |
| Esquema de clasificación | Dewey Decimal Classification |
| Suppress in OPAC | |
| Codigo completo | Registro | Colección | Copia número | Disponibilidad | Tipo de préstamo | Biblioteca Actual | Procedencia (Biblioteca) | Ubicacón | Fecha Ingreso | Tipo de Adquisición | Observación | Date last seen | Total checkouts | Price effective from | Tipo de Item | Estado del Material | Fuente de Clasificación | Damaged status | Withdrawn status |
|---|---|---|---|---|---|---|---|---|---|---|---|---|---|---|---|---|---|---|---|
| 658.4038011 O99 | 1086123 | Universidad Católica San Pablo | 1 | Disponible | Disponible | Víctor Andrés Belaunde | Víctor Andrés Belaunde | Primer piso | 10/03/2026 | Donación | Libun | 20/03/2026 | 20/03/2026 | Libro | Bueno | Dewey Decimal Classification |




